Chinese foreign policy in an age of transition: (Record no. 21832)
[ view plain ]
| 000 -LEADER | |
|---|---|
| fixed length control field | 00738cam a2200241 4500 |
| 001 - CONTROL NUMBER | |
| control field | 2691196 |
| 003 - CONTROL NUMBER IDENTIFIER | |
| control field | BDDh-ASL |
| 005 - DATE AND TIME OF LATEST TRANSACTION | |
| control field | 20231015030041.0 |
| 008 - FIXED-LENGTH DATA ELEMENTS--GENERAL INFORMATION | |
| fixed length control field | 691231s1969 mau b 001 0 eng |
| 010 ## - LIBRARY OF CONGRESS CONTROL NUMBER | |
| LC control number | 75084797 |
| 040 ## - CATALOGING SOURCE | |
| Original cataloging agency | DLC |
| Transcribing agency | DLC |
| Modifying agency | DLC |
| -- | BDDh-ASL |
| 050 00 - LIBRARY OF CONGRESS CALL NUMBER | |
| Classification number | DS740.4 |
| Item number | .O36 |
| 082 00 - DEWEY DECIMAL CLASSIFICATION NUMBER | |
| Classification number | 327.51 |
| Item number | OJC |
| 100 1# - MAIN ENTRY--PERSONAL NAME | |
| Personal name | Ojha, Ishwer C. |
| 245 10 - TITLE STATEMENT | |
| Title | Chinese foreign policy in an age of transition: |
| Remainder of title | the diplomacy of cultural despair / |
| Statement of responsibility, etc. | by Ishwer C. Ojha. |
| 260 ## - PUBLICATION, DISTRIBUTION, ETC. | |
| Place of publication, distribution, etc. | Boston: |
| Name of publisher, distributor, etc. | Beacon Press |
| Date of publication, distribution, etc. | [1969] |
| 300 ## - PHYSICAL DESCRIPTION | |
| Extent | xiv, 234 p. |
| Dimensions | 21 cm. |
| 350 ## - PRICE (NR) (BK AM CF MU VM SE) [OBSOLETE] | |
| Price | 5.95 |
| 504 ## - BIBLIOGRAPHY, ETC. NOTE | |
| Bibliography, etc. note | Bibliographical footnotes. |
| 651 #0 - SUBJECT ADDED ENTRY--GEOGRAPHIC NAME | |
| Geographic name | China |
| General subdivision | Foreign relations |
| Chronological subdivision | 1949-1976. |
| 906 ## - LOCAL DATA ELEMENT F, LDF (RLIN) | |
| a | 7 |
| b | cbc |
| c | orignew |
| d | u |
| e | ncip |
| f | 19 |
| g | y-gencatlg |
| 942 ## - ADDED ENTRY ELEMENTS (KOHA) | |
| Source of classification or shelving scheme | Dewey Decimal Classification |
| Koha item type | Books |
| Withdrawn status | Lost status | Source of classification or shelving scheme | Damaged status | Not for loan | Collection code | Home library | Current library | Shelving location | Date acquired | Source of acquisition | Total Checkouts | Full call number | Barcode | Date last seen | Copy number | Price effective from | Koha item type |
|---|---|---|---|---|---|---|---|---|---|---|---|---|---|---|---|---|---|
| Dewey Decimal Classification | Non-fiction | Asiatic Society Library | Asiatic Society Library | General Stacks | 02/15/2021 | ASB Collection | 327.51 OJC | 105812 | 02/15/2021 | C-1 | 02/15/2021 | Books |